Rice Producing Countries Quiz Stats

 Plays Quiz Updated Apr 2, 2018

Challenge
Share
Tweet
Embed
Score 0/20 Timer 05:00
102 Plays Today
Production, in million tonnes (2014) Country % Correct
208.2China
99.5%
158.2India
96%
10.8Japan
93.8%
45.0Vietnam
90.5%
10.1United States
89.1%
33.2Thailand
87%
70.8Indonesia
86.1%
5.6South Korea
81.3%
3.4Laos
80.8%
10.5Pakistan
80.7%
Production, in million tonnes (2014) Country % Correct
9.3Cambodia
80.3%
12.1Brazil
79%
51.8Bangladesh
74.2%
28.2Myanmar
73.1%
18.9Philippines
70.5%
4.8Nepal
59.8%
3.4Sri Lanka
57%
6.2Egypt
47.1%
4.9Nigeria
37.9%
4.0Madagascar
19%

You're not logged in!

Compare scores with friends on all Sporcle quizzes.
OR
Log In

You Might Also Like...

Show Comments

Extras

Top Quizzes Today


Score Distribution

Your Account Isn't Verified!

In order to create a playlist on Sporcle, you need to verify the email address you used during registration. Go to your Sporcle Settings to finish the process.

Report this User

Report this user for behavior that violates our Community Guidelines.

Details: